Краткий курс высшей математики (Запись № 30326)

Подробности
000 -МАРКЕР
контрольное поле 00771nam a22002297c 4500
001 - КОНТРОЛЬНЫЙ НОМЕР ЗАПИСИ
контрольное поле 000030326
003 - ПРИНАДЛЕЖНОСТЬ КОНТРОЛЬНОГО НОМЕРА
контрольное поле RuMoIPM
005 - ДАТА И ВРЕМЯ ПОСЛЕДНЕЙ ТРАНЗАКЦИИ
контрольное поле 20260416113643.0
008 - ЭЛЕМЕНТЫ ДАННЫХ ФИКСИРОВАННОЙ ДЛИНЫ
контрольное поле 241202b1975 ru ||||| |||| 00| 0 rus d
035 ## - КОНТРОЛЬНЫЙ НОМЕР СИСТЕМЫ
контрольный номер системы (RuMoBEN) 002289867
040 ## - ОРГАНИЗАЦИЯ-СОЗДАТЕЛЬ ЗАПИСИ
организация-создатель исходной библиографической записи RuMoBEN
язык каталогизации rus
правила каталогизации rcr
041 ## - КОД ЯЗЫКА
код языка текста Русский
044 ## - КОД СТРАНЫ ПУБЛИКАЦИИ/ИЗГОТОВЛЕНИЯ
MARC код страны публикации/изготовления Российская Федерация
080 ## - ИНДЕКС УНИВЕРСАЛЬНОЙ ДЕСЯТИЧНОЙ КЛАССИФИКАЦИИ
индекс Универсальной десятичной классификации 51(07)
100 ## - ИМЯ ЛИЦА КАК ОСНОВНОЙ ПОИСКОВЫЙ ПРИЗНАК
имя лица Кудрявцев, Всеволод Александрович
245 ## - ОБЛАСТЬ ЗАГЛАВИЯ И СВЕДЕНИЙ ОБ ОТВЕТСТВЕННОСТИ
заглавие Краткий курс высшей математики
сведения, относящиеся к заглавию, и т. д [учебное пособие]
сведения об ответственности и т. д В. А. Кудрявцев, Б. П. Демидович
250 ## - ОБЛАСТЬ ИЗДАНИЯ
сведения об издании 4-е изд, перераб. и доп.
260 ## - ОБЛАСТЬ ВЫХОДНЫХ ДАННЫХ
место публикации, распространения, изготовления и т. д Москва
издательство, издатель, распространитель и т. д Наука
дата издания, распространения и т. д 1975
300 ## - ОБЛАСТЬ КОЛИЧЕСТВЕННОЙ ХАРАКТЕРИСТИКИ
объём 624 с.
прочее ил.
700 1# - ИМЯ ЛИЦА КАК ДОБАВОЧНЫЙ ПОИСКОВЫЙ ПРИЗНАК
имя лица Демидович, Борис Павлович
942 ## - ДАННЫЕ О ЗАПИСИ (KOHA)
Тип экземпляра (KOHA) Книга
Экземпляры
Статус выдачи Библиотека держатель Текущая библиотека Местонахождение Шифр хранения Тип экземпляра
  Институт прикладной математики им. М.В. Келдыша Институт прикладной математики им. М.В. Келдыша Миусская 51 / К 88 Книга